Facts and figures; (Record no. 33666)

MARC details
000 -LEADER
fixed length control field 00699cam a22002291 4500
001 - CONTROL NUMBER
control field he 68002659
003 - CONTROL NUMBER IDENTIFIER
control field DLC
005 - DATE AND TIME OF LATEST TRANSACTION
control field 20260227111502.0
008 - FIXED-LENGTH DATA ELEMENTS--GENERAL INFORMATION
fixed length control field 710901s1968 is 100 0 eng
010 ## - LIBRARY OF CONGRESS CONTROL NUMBER
LC control number he 68002659
025 ## - OVERSEAS ACQUISITION NUMBER
Overseas acquisition number PL480:Is-8048
040 ## - CATALOGING SOURCE
Original cataloging agency DLC
Transcribing agency DLC
Modifying agency DLC
050 00 - LIBRARY OF CONGRESS CALL NUMBER
Classification number DS149
Item number .A3946
082 00 - DEWEY DECIMAL CLASSIFICATION NUMBER
Classification number 956.94/001
110 2# - MAIN ENTRY--CORPORATE NAME
Corporate name or jurisdiction name as entry element World Zionist Organization.
Subordinate unit Information Department.
245 10 - TITLE STATEMENT
Title Facts and figures;
Remainder of title summary of reports submitted to the 27th Zionist Congress, Jerusalem, Sivan 5728, June 1968.
260 ## - PUBLICATION, DISTRIBUTION, ETC.
Place of publication, distribution, etc. [Jerusalem,
Date of publication, distribution, etc. 1968]
300 ## - PHYSICAL DESCRIPTION
Extent 84 l.
Dimensions 28 cm.
350 ## - PRICE (NR) (BK AM CF MU VM SE) [OBSOLETE]
Price N.T.
500 ## - GENERAL NOTE
General note Cover title.
711 2# - ADDED ENTRY--MEETING NAME
Meeting name or jurisdiction name as entry element Zionist Congress
Number of part/section/meeting (27th :
Location of meeting 1968 :
Date of meeting or treaty signing Jerusalem)

No items available.

Powered by Koha